Unit 1 AP Gov Part 1 Vocab - Statistics

General Stats
  • This quiz has been taken 82 times
  • The average score is 9 of 10
Answer Stats
Hint Answer % Correct
means two houses bicameral
100%
what event sparked a need to revise the articles of confederation due to security concerns was called ___ rebellion shay
98%
name of the government that was too weak because it could not tax, control trade, or print money articles of confederation
95%
supporters of the constitution were called federalists
95%
values all people are born with are called __ rights natural
93%
an agreement where people give up certain rights in order for the government to rule to maintain order social contract
91%
the __ clause says if there is a dispute between the national government and states the national government wins supremacy
89%
this document said a small republic is the best form of government because politicians will be closer to the people they represent and better fulfill their wishes brutus 1
85%
in Fed 10 these groups of people have similar interests faction
82%
when you vote someone out of office this is called a recall
69%
No matching quizzes found
Score Distribution
Percent of People with Each Score
Percentile by Number Answered
Your Score History
You have not taken this quiz